000 00327nam a22001457a 4500
008 180813b xxu||||| |||| 00| 0 eng d
020 _a9780721697840
041 _aeng
080 _a612.39
082 _211
100 _a10
101 _aNUT
245 _aFOOD NUTRITION DIET THERAPY
_cL.KATHLEEN
942 _2udc
_cBK
999 _c47026
_d47026